00590nam a22002057a 450000500170000000800410001702000180005804000210007604100080009708200200010524500610012525000120018626000330019830000100023165000350024170000260027670000250030270000290032770000280035620211111113608.0211111b ||||| |||| 00| 0 eng d a9789391527068 aIN-DiNCcIN-DiNC dasm a320.954162bASO aAsomor samasamayik rajneeti/cby Nabin Gohain and others a1st ed. aJorhat:bBidya bhawan,c2021 a347p. aContemporary politics in Assam aGohain, Nabineauthor aBora, Pankajeauthor aGogoi, Trailukyaeauthor aSaikia, Pranjiteauthor